| 000 | 00588nam a2200145 i 4500 | ||
|---|---|---|---|
| 001 | 184663 | ||
| 003 | ES-MaACL | ||
| 005 | 20230906222241.0 | ||
| 008 | 151104s1848 sp |||| | spa d | ||
| 245 | 0 | 0 |
_aInstrucción de alcaldes, tenientes de alcalde, procuradores, síndicos y escribanos para los juicios verbales sobre faltas / _cpor P.O.C. |
| 260 |
_aMadrid : _b[s.n.], _c1848 ( _fImp. de Victoriano Hernando) |
||
| 300 |
_a39 p. ; _c17 cm. |
||
| 650 | 4 |
_aJuicio de faltas- _zEspaña. _9158074 |
|
| 852 | 4 |
_aES-MaACL _jT-28-F-4 _z- Enc. en un vol. facticio _z- Falto de cub. original |
|
| 999 |
_c184663 _d184663 |
||